000 00654nam a2200217Ia 4500
005 20241129110151.0
008 241129s9999||||xx |||||||||||||| ||und||
020 _a9788195539215
037 _aTB
040 _aARTS
_beng
_cARTS
041 _aeng
_2eng
084 _aY-5927.235 R2
_qARTS
100 _aPaik Shailaja Au.
_9727440
245 0 _aVulgarity of caste: dalits, secuality and humanity in modern India
_cPaik Shailaja Au.
260 _aNew Delhi, India
_bNew Navayana publishing pvt. ltd.
_c2023
300 _axx,400p.
365 _aINR
_b599
650 _aSociology
942 _cTB
_hY-5927.235 R2
999 _c1227569
_d1227569